| 000 | 00516nam a2200193 a 4500 | ||
|---|---|---|---|
| 001 | 1769854927937 | ||
| 003 | YourLibrary | ||
| 005 | 20260131162126.0 | ||
| 008 | 260131s1994##################000#0#eng## | ||
| 020 | _a9780875845517 | ||
| 082 | 0 | 4 |
_a331.0973 _bWAL |
| 100 | 1 |
_aWalton, Richard E., _eauthor. |
|
| 245 | 1 | 0 | _aStrategic Negotiations : |
| 260 |
_bHarvard Business Press, _c1994. |
||
| 300 | _a376 pages | ||
| 650 | 0 | _aBusiness & Economics. | |
| 942 | _cENGLISH | ||
| 040 |
_aYourLibrary _beng _cYourLibrary |
||
| 999 |
_c609598 _d609598 |
||